| 000 | 00516 a2200217 4500 | ||
|---|---|---|---|
| 005 | 20260212114303.0 | ||
| 008 | 260211b |||||||| |||| 00| 0 eng d | ||
| 020 |
_a9780199545728 _cRs. 350.00 |
||
| 040 | _aMAIN | ||
| 082 |
_a297.09 _bS39I |
||
| 100 | _aSilverstein, Adam J | ||
| 110 | _a | ||
| 245 | _aIslamic history | ||
| 250 | _a | ||
| 260 |
_bOxford University Press _c2010 _aNew York |
||
| 300 | _axviii, 157 | ||
| 650 | _aReligion | ||
| 650 | _aIslam | ||
| 650 | _aIslamic History | ||
| 942 | _cBK | ||
| 999 |
_c394779 _d394779 |
||